E26(近畿道・阪和道)のIC - Statistics

General Stats
  • This quiz has been taken 80 times
  • The average score is 23 of 29
Answer Stats
近畿道 % Correct
JCT 松原
95%
JCT 松原
95%
IC 松原
95%
PA 東大阪
94%
JCT 東大阪
94%
JCT 和歌山
94%
JCT/IC 吹田
92%
JCT 泉佐野
89%
JCT
87%
IC
87%
SA 岸和田
86%
IC 門真
84%
JCT 門真
84%
JCT 美原
83%
IC 八尾
81%
PA 八尾
81%
IC 泉南
79%
IC 阪南
79%
IC 貝塚
76%
JCT 守口
71%
IC 摂津北
62%
IC 摂津南
62%
IC 大東鶴見
60%
IC 美原北
60%
IC 美原南
60%
IC 岸和田和泉
59%
IC 東大阪南
57%
IC 東大阪北
56%
IC 長原
49%
No matching quizzes found
Score Distribution
Percent of People with Each Score
Percentile by Number Answered
Your Score History
You have not taken this quiz